Santa María de Guareña / (Record no. 70090)

MARC details
000 -LEADER
campo de control de longitud fija 00472nam a2200157 i 4500
001 - NÚMERO DE CONTROL
campo de control 70090
003 - IDENTIFICADOR DE NÚMERO DE CONTROL
campo de control ES-MaACL
005 - FECHA Y HORA DE LA ÚLTIMA TRANSACCIÓN
campo de control 20230906170721.0
007 - CAMPO FIJO DE DESCRIPCIÓN FÍSICA--INFORMACIÓN GENERAL
campo de control de longitud fija t|
008 - DATOS DE LONGITUD FIJA--INFORMACIÓN GENERAL
campo de control de longitud fija 040716s1981 sp ||||1| spa d
100 1# - ENTRADA PRINCIPAL--NOMBRE DE PERSONA
Nombre de persona García-Murga Alcántara, Juan.
9 (RLIN) 55016
245 10 - MENCIÓN DEL TÍTULO
Título Santa María de Guareña /
Mención de responsabilidad, etc. Juan García-Murga Alcántara.
260 ## - PUBLICACIÓN, DISTRIBUCIÓN, ETC.
Lugar de publicación, distribución, etc. [Don Benito :
Nombre del editor, distribuidor, etc. s..n,
Fecha de publicación, distribución, etc. 1981] (
Fabricante Imp. Arosuba)
300 ## - DESCRIPCIÓN FÍSICA
Extensión 75 p., 17 lám. ;
Dimensiones 21 cm.
852 ## - LOCALIZACIÓN
Ubicación ES-MaACL
Número de control de estantería L-1423
Sublocalización o colección R.102242
Holdings
Estatus retirado Estado de pérdida Estado de daño No para préstamo Biblioteca de origen Biblioteca actual Ubicación en estantería Fecha de adquisición Fuente de adquisición Total de préstamos Signatura topográfica completa Código de barras Visto por última vez Precio de reemplazo Tipo de ítem Koha
        Biblioteca del Ateneo de Madrid Biblioteca del Ateneo de Madrid Depósito 2 17/01/2008     L-1423 1073395 23/02/2023 23/02/2023 Libro impreso